Statistics for Atlanta Hawks: All-Star Selections

Click here to take the quiz!

General Stats

  • This quiz has been taken 238 times
    (225 since last reset)
  • The average score is 13 of 35

Answer Stats

Amount of SelectionsPlayer% Correct
9Dominique Wilkins
95%
5Lenny Wilkens
95%
11Bob Pettit
91%
3Trae Young
90%
4Al Horford
78%
4Paul Millsap
73%
1Kyle Korver
69%
1Steve Smith
69%
1Jeff Teague
66%
2Eddie Johnson
63%
6Joe Johnson
63%
2Pete Maravich
45%
6Lou Hudson
43%
1Doc Rivers
37%
1Mookie Blaylock
36%
1Kevin Willis
34%
1Shareef Abdur-Rahim
29%
5Cliff Hagan
28%
4Dikembe Mutombo
23%
1Moses Malone
22%
2John Drew
19%
3Dan Roundfield
18%
2Zelmo Beaty
16%
1Christian Laettner
15%
3Slater Martin
11%
3Bill Bridges
10%
1Ed Macauley
10%
2Clyde Lovellette
9%
2Joe Caldwell
7%
1Bob Harrison
5%
1Mel Hutchins
5%
2Dike Eddleman
4%
1Don Sunderlage
4%
1Frankie Brian
3%
1Frank Selvy
2%

Score Distribution

Percentile by Number Answered

Percent of People with Each Score

Your Score History

You have not taken this quiz since the last reset